Music Quiz

Random Music or Album Quiz

Britney Spears Singles Quiz Stats

 Plays Quiz not verified by Sporcle

Score 0/35 Timer 10:00
0 Plays Today
Date Released Song Title % Correct
September 30, 1998...Baby One More Time
98.9%
March 27, 2000Oops!...I Did It Again
96.6%
January 12, 2004Toxic
96.6%
August 8, 2000Lucky
94.3%
November 13, 2000Stronger
92.7%
April 30, 1999Sometimes
92%
September 26, 2008Womanizer
92%
December 2, 2008Circus
91.6%
August 23, 1999(You Drive Me) Crazy
91.2%
September 24, 2001I'm a Slave 4 U
91.2%
September 25, 2007Gimme More
90.8%
October 20, 2003Me Against the Music
88.5%
November 27, 2007Piece of Me
88.5%
May 17, 2004Everytime
88.2%
March 13, 2009If U Seek Amy
87.4%
February 5, 2002I'm Not a Girl, Not Yet a Woman
85.9%
December 18, 2001Overprotected
84.7%
August 2, 2002Boys
84.7%
Date Released Song Title % Correct
March 3, 2008Break the Ice
84.7%
March 4, 2011Till the World Ends
84%
December 6, 1999Born to Make You Happy
82.8%
January 11, 2011Hold It Against Me
82.8%
December 15, 1999From the Bottom of My Broken Heart
81.3%
January 17, 2001Don't Let Me Be the Last to Know
80.5%
September 29, 20093
80.5%
June 24, 2009Radar
80.2%
June 13, 2011I Wanna Go
79.8%
May 28, 2002I Love Rock 'N' Roll
78.6%
September 30, 2011Criminal
78.2%
September 21, 2004My Prerogative
77.9%
February 14, 2005Do Somethin'
75.2%
July 13, 2004Outrageous
71.8%
August 21, 2005Someday (I Will Understand)
64.1%
October 31, 2005And Then We Kiss
34.7%
September 15, 2009Unusual You
34.4%

You're not logged in!

Compare scores with friends on all Sporcle quizzes.
OR
Log In

You Might Also Like...

Show Comments

Extras

Top Quizzes Today


Score Distribution

Your Account Isn't Verified!

In order to create a playlist on Sporcle, you need to verify the email address you used during registration. Go to your Sporcle Settings to finish the process.

Report this User

Report this user for behavior that violates our Community Guidelines.

Details: